Language Quiz

Random Language or Italian Quiz

Italian: Prepositions Quiz Stats

 Plays Quiz Updated Nov 6, 2015

Score 0/20 Timer 05:00
1 Play Today
English Italian % Correct
To, inA
94.2%
WithCon
89.5%
In, intoIn
88.7%
OfDi
86.6%
ForPer
82%
OnSu
78.9%
From, byDa
78.7%
WithoutSenza
66.4%
BetweenTra
58.2%
AfterDopo (di)
57.6%
English Italian % Correct
Under, belowSotto
50.7%
BeforePrima (di)
48.8%
Over, uponSopra
47.5%
InsideDentro
46.3%
BehindDietro
43.5%
In front ofDavanti a
38.8%
AgainstContro
37.3%
TowardVerso
31.9%
Through, acrossAttraverso
29.1%
Around, aboutIntorno a
22%

You're not logged in!

Compare scores with friends on all Sporcle quizzes.
OR
Log In

Sporcle TV

Today on Sporcle TV


Watch our educational content, quiz creation guides, and fun videos on Sporcle TV.

Show Comments

Extras

Top Quizzes Today


Score Distribution

Your Account Isn't Verified!

In order to create a playlist on Sporcle, you need to verify the email address you used during registration. Go to your Sporcle Settings to finish the process.

Report this User

Report this user for behavior that violates our Community Guidelines.

Details: